Films se déroulant à Nice par images - Statistiques

Statistiques générales
  • Ce quiz a été pris 754 fois
  • Le résultat moyen est 3 sur 16
Statistiques - réponses
Par images Réponse % Correct
Brice de Nice
99%
Le Transporteur
51%
L'Arnacœur
39%
Les Compères
22%
Un sac de billes
19%
Double zéro
15%
Joyeuses Pâques
8%
La Promesse de l'aube
8%
L'Homme-orchestre
7%
Flic ou Voyou
6%
Menteur
6%
Les Seins de glace
3%
Brillantissime
2%
Lady L.
1%
Risque Maximum
1%
La Vie à deux
0%
Aucun quiz correspondant
Distribution des résultats
% des personnes avec chaque résultat
Percentile par nombre de réponses
Votre historique - résultats
Vous n’avez pas pris ce quiz